<?xml version="1.0" encoding="UTF-8"?>
<collection xmlns="http://www.loc.gov/MARC21/slim">
 <record>
  <leader>01659nam a2200337   4500</leader>
  <controlfield tag="001">000012857</controlfield>
  <controlfield tag="003">9181</controlfield>
  <controlfield tag="005">20120229100222.0</controlfield>
  <controlfield tag="008">120229s2011                        viesd</controlfield>
  <datafield tag="041" ind1=" " ind2=" ">
   <subfield code="a">vie</subfield>
  </datafield>
  <datafield tag="072" ind1=" " ind2=" ">
   <subfield code="a">Công trình nghiên cứu khoa học</subfield>
  </datafield>
  <datafield tag="082" ind1=" " ind2=" ">
   <subfield code="a">371.3</subfield>
   <subfield code="b">ĐA-H</subfield>
  </datafield>
  <datafield tag="100" ind1=" " ind2=" ">
   <subfield code="a">Đặng, Thị Bích Hoàn</subfield>
   <subfield code="e">Tác giả</subfield>
  </datafield>
  <datafield tag="245" ind1=" " ind2=" ">
   <subfield code="a">Thực trạng kĩ năng giải quyết tình huống sư phạm của giáo viên trường THCS Huỳnh Thúc Kháng - Đà Nẵng</subfield>
   <subfield code="c">Đặng Thị Bích Hoàn, Nguyễn Thị Linh</subfield>
  </datafield>
  <datafield tag="260" ind1=" " ind2=" ">
   <subfield code="a">Đại học Đà Nẵng</subfield>
   <subfield code="b">Trường Đại Học Sư Phạm</subfield>
   <subfield code="c">2011</subfield>
  </datafield>
  <datafield tag="300" ind1=" " ind2=" ">
   <subfield code="a">82 tr.</subfield>
   <subfield code="c">29 cm</subfield>
  </datafield>
  <datafield tag="490" ind1=" " ind2=" ">
   <subfield code="a">Báo cáo nghiên cứu khoa học. Chuyên ngành : Cử nhân tâm lí</subfield>
  </datafield>
  <datafield tag="500" ind1=" " ind2=" ">
   <subfield code="a">Tham khảo tr.82+ phụ lục [4 tr.]</subfield>
  </datafield>
  <datafield tag="520" ind1=" " ind2=" ">
   <subfield code="a">Cơ sở lí luận của vấn đề nghiên cứu. Kết quả nghiên cứu thức tiễn về thực trạng kĩ năng giải quyết tình huống sư phạm của giáo viên trường THCS Huỳnh Thúc Kháng - Đà Nẵng</subfield>
  </datafield>
  <datafield tag="653" ind1=" " ind2=" ">
   <subfield code="a">THCS Huỳnh Thúc Kháng - Đà Nẵng</subfield>
   <subfield code="a">tình huống sư phạm của giáo viên</subfield>
  </datafield>
  <datafield tag="700" ind1=" " ind2=" ">
   <subfield code="a">Phạm, Thị Mơ</subfield>
   <subfield code="c">Th.S</subfield>
   <subfield code="e">Hướng dẫn</subfield>
  </datafield>
  <datafield tag="OWN" ind1=" " ind2=" ">
   <subfield code="a">LSP</subfield>
  </datafield>
  <datafield tag="AVA" ind1=" " ind2=" ">
   <subfield code="a">UDN50</subfield>
   <subfield code="b">LSP</subfield>
   <subfield code="d">371.3 ĐA-H</subfield>
   <subfield code="e">available</subfield>
   <subfield code="t">Error 5001 Not defined in file expand_doc_bib_avail.</subfield>
   <subfield code="f">1</subfield>
   <subfield code="g">0</subfield>
   <subfield code="h">N</subfield>
   <subfield code="i">0</subfield>
   <subfield code="k">1</subfield>
  </datafield>
  <datafield tag="999" ind1=" " ind2=" ">
   <subfield code="a">From the UDN01</subfield>
  </datafield>
  <datafield tag="AVA" ind1=" " ind2=" ">
   <subfield code="a">UDN50</subfield>
   <subfield code="b">LSP</subfield>
   <subfield code="d">371.3 ĐA-H</subfield>
   <subfield code="e">available</subfield>
   <subfield code="t">Error 5001 Not defined in file expand_doc_bib_avail.</subfield>
   <subfield code="f">1</subfield>
   <subfield code="g">0</subfield>
   <subfield code="h">N</subfield>
   <subfield code="i">0</subfield>
   <subfield code="k">1</subfield>
  </datafield>
  <datafield tag="TYP" ind1=" " ind2=" ">
   <subfield code="a">Monograph</subfield>
  </datafield>
  <datafield tag="TYP" ind1=" " ind2=" ">
   <subfield code="a">Printed language</subfield>
  </datafield>
  <datafield tag="980" ind1=" " ind2=" ">
   <subfield code="a">Mạng thư viện Đại học Đà Nẵng</subfield>
  </datafield>
 </record>
</collection>
